Prúd časopis zamestnancov Slovenských elektrární

Bibliographic Details
Format: Journal
Language:Slovak
PhysicalDescription:4 zv. 30 cm
Published: V Bratislave Ústredný Závodný výbor zamestnancov Slovenských elektrární Národná správa SE 1945-1948
V Bratislave Podniková rada SE Slovenské elektrárne
Subjects:

MARC

LEADER 00000cas a2200000 a 4500
001 vtls010302072
003 SK-MaSNL
005 20260228163029.0
008 200803d19451948xo mr|p r 0 b0slo
040 |a SNK  |b slo  |c SNK  |e AACR2 
041 0 |a slo 
043 |a e-xo--- 
044 |a xo  |c SK 
072 7 |a 620.9  |x Energetika  |2 konspekt 
072 7 |a 621.3  |x Elektrotechnika  |2 konspekt 
080 |a 620.9  |2 2011 
080 |a (085.3)  |2 2011 
080 |a 621.3  |2 2011 
080 |a 050  |2 2011 
245 0 0 |a Prúd  |b časopis zamestnancov Slovenských elektrární 
260 |a V Bratislave  |b Ústredný Závodný výbor zamestnancov Slovenských elektrární  |b Národná správa SE  |c 1945-1948 
260 3 |3 12/1946-1948  |a V Bratislave  |b Podniková rada SE  |b Slovenské elektrárne 
300 |a 4 zv.  |c 30 cm 
310 |a 1x mesačne 
362 0 |a Roč. I, č. 1 (nov. 1945)-roč. IV, č. 9-10 (1948) 
500 |a Zodp. red.: 1945-3-4/1948, Jozef Gróf ; 5-6/1948-9-10/1948, Alexander Polakovič 
515 |a Niektoré čísla vychádzajú ako dvojčíslo 
610 2 7 |a Slovenské elektrárne  |2 SNKKA  |9 30638 
650 0 7 |a energetika  |2 SNKPH  |9 3680 
650 0 7 |a elektrotechnika  |2 SNKPH  |9 3619 
655 7 |a podnikové časopisy  |2 SNKPH  |9 265225 
700 1 |a Gróf, Jozef  |4 lso  |9 272818 
700 1 |a Polakovič, Alexander  |4 lso  |9 272819 
752 |a Slovensko  |d Bratislava 
910 |a snk 
916 |a 1945-1948 
999 |c 8762  |d 10692 
952 |0 0  |1 0  |4 0  |7 0  |8 5  |a SNK  |b SNK  |d 2003-02-19  |f 1  |i snkF 750/78  |l 0  |o snkČSB 915/1/1945  |p 17A0373636  |r 2005-01-02 00:00:00  |t č. 1-2, neúplné  |w 2026-02-21  |y PREZ  |z Chýba č. 2 
952 |0 0  |1 0  |4 0  |7 0  |8 5  |a SNK  |b SNK  |d 2003-02-19  |f 1  |i snkXI. 2110/55  |l 0  |o snkČSB 915/2/1946  |p 17A1430693  |r 2005-01-02 00:00:00  |t č. 1-12  |w 2026-02-21  |y PREZ 
952 |0 0  |1 0  |4 0  |7 0  |a SNK  |b SNK  |d 2003-02-19  |f 1  |i snk 2313/48  |l 0  |o snkČSB 915/3/1947  |p 17A0373977  |r 2005-01-02 00:00:00  |t č. 1-12  |w 2026-02-21  |y PREZ 
952 |0 0  |1 0  |4 0  |7 7  |8 2  |a SNK  |b SNK  |d 2003-02-19  |i snkČSV 94/57  |l 0  |o snkČSB 915/4/1948 D2  |p 17A0373990  |r 2005-01-02 00:00:00  |t č. 1-10, neúplné  |w 2026-02-21  |y PREZ  |z Chýba č. 1-2, 5-10 
952 |0 0  |1 0  |4 0  |7 0  |8 3  |a SNK  |b SNK  |d 2020-07-31  |i snkK 512/83  |l 0  |o snkČSB 915/1/1945 D1  |p 17A1077776  |r 2026-02-21 22:08:38  |t č. 1-2, neúplné  |w 2026-02-21  |y PREZ  |z Chýba č. 2 
952 |0 0  |1 0  |4 0  |7 0  |a SNK  |b SNK  |d 2020-07-31  |i snkF 3322/68  |l 0  |o snkČSB 915/4/1948 D1  |p 17A1077760  |r 2026-02-21 22:08:38  |t č. 1-10  |w 2026-02-21  |y PREZ 
952 |0 0  |1 0  |4 0  |7 0  |8 5  |a SNK  |b SNK  |d 2020-07-31  |i snkF 3280/68  |l 0  |o snkČSB 915/3/1947 D1  |p 17A1077780  |r 2026-02-21 22:08:38  |t č. 1-12  |w 2026-02-21  |y PREZ 
952 |0 0  |1 0  |4 0  |7 0  |a SNK  |b SNK  |d 2020-07-31  |i snk 124/47  |l 0  |o snkČSB 915/2/1946 D1  |p 17A1077782  |r 2026-02-21 22:08:38  |t č. 1-12  |w 2026-02-21  |y PREZ 
952 |0 0  |1 0  |4 0  |7 0  |a SNK  |b SNK  |d 2020-07-31  |f 1  |i snkF 3321/68  |l 0  |o snkČSB 915/4/1948  |p 17A0706521  |r 2026-02-21 22:08:42  |t č. 1-10  |w 2026-02-21  |y PREZ